MARC

LEADER 00000nam0a2200000 4500
001 38069
005 20231101210455.0
035 |a (RuTPU)RU\TPU\book\38688 
090 |a 38069 
100 |a 20020218d1983 km y0rusy50 ca 
101 1 |a rus  |c ger 
102 |a RU 
105 |a a g 001zy 
200 1 |a Справочник по расчету фильтров  |e пер. с нем.  |f Р. Зааль 
210 |a Москва  |c Радио и связь  |d 1983 
215 |a 752 с.  |c ил. 
320 |a Библиогр.: с. 89-90. 
606 1 |a Фильтры радиоволн  |2 stltpush  |3 (RuTPU)RU\TPU\subj\31638  |9 54444 
610 1 |a радиотехника 
610 1 |a расчет 
610 1 |a активные RC-фильтры 
610 1 |a цифровые фильтры 
610 1 |a справочники 
675 |a 621.372.54(035)  |v 3 
700 1 |a Зааль  |b Р.  |g Рудольф 
801 1 |a RU  |b 63413507  |c 20020218  |g PSBO 
801 2 |a RU  |b 63413507  |c 20201007  |g PSBO 
900 |a Технические средства автоматизации 
942 |c BK